Nekonečný pád: Návrat domů /
V závěrečném dílu trilogie se opět vracíme na natáčení filmové série Infinity Falling do Vancouveru. Tentokrát stojí v popředí mladičká herečka Megan Suttonová, která se ve filmu zhostila role hlavní antagonistky. Na druhé straně je pak o něco málo starší lékař na urgentu Cole Buchanan, který se prá...
Uloženo v:
| Série: | Nekonečný pád,
část 3 |
|---|---|
| Hlavní autor: | |
| Médium: | E-kniha |
| Jazyk: | Czech |
| Vydáno: |
Praha :
DOBROVSKÝ s.r.o.,
2026
|
| Příbuzné jednotky: | Z cyklu::
Nekonečný pád |
| Tagy: |
Žádné tagy |
| LEADER | 02244nam a22002417i 4500 | ||
|---|---|---|---|
| 001 | 302980 | ||
| 007 | ta | ||
| 008 | 260516s2026 xr ||||| |||| 00| 0 cze d | ||
| 020 | |a 9788027724987 | ||
| 044 | |a xr | ||
| 100 | 1 | |a Sprinz, Sarah |4 aut | |
| 245 | 1 | 0 | |a Nekonečný pád: Návrat domů / |c Sprinz, Sarah |
| 264 | 1 | |a Praha : |b DOBROVSKÝ s.r.o., |c 2026 | |
| 300 | |a 1 online zdroj (432 stran) | ||
| 336 | |a text |b txt |2 rdacontent | ||
| 337 | |a bez média |b n |2 rdamedia | ||
| 338 | |a online zdroj |b cr |2 rdacarrier | ||
| 520 | 2 | |a V závěrečném dílu trilogie se opět vracíme na natáčení filmové série Infinity Falling do Vancouveru. Tentokrát stojí v popředí mladičká herečka Megan Suttonová, která se ve filmu zhostila role hlavní antagonistky. Na druhé straně je pak o něco málo starší lékař na urgentu Cole Buchanan, který se právě potýká s vážným pracovním selháním.K jejich setkání dojde naprosto náhodně, ale následně zjistí, že mají mnoho společného, a to nejen kamarády, ale i pracoviště. Cole totiž záhy nastupuje na plac jako filmový lékař. Jejich vztah však rozhodně nekopíruje klasické milostné schéma. Cole je zvyklý si užívat a má za to, že na závazky není stavěný, jak se taky v minulosti přesvědčil. Megan je v tomto ohledu naopak doslova nepolíbená, ačkoliv ji v médiích neustále obviňují, že rozvrací cizí vztahy.Vznikne tak model výhodný pro obě strany – Cole s Megan svůj vztah pouze předstírají na veřejnosti. Co když se však předstírané city změní v opravdové? Dokážou se přenést přes oboustranná vztahová traumata, vysoké pracovní vytížení a v neposlední řadě i přes nemalý věkový rozdíl? | |
| 787 | 0 | 8 | |g 3 |i Z cyklu: |t Nekonečný pád |
| 910 | |a RBIT002 | ||
| 998 | |d 427063 |a https://core.palmknihy.cz/api/books/427063/cover?tf2dxj |b https://core.palmknihy.cz/api/books/427063/cover/400?tf2dxj |c https://core.palmknihy.cz/api/books/427063/cover/50?tf2dxj |e 2029-06-14 |g 432 |i 9788027724987 |j https://core.palmknihy.cz/api/books/427063/preview.epub |k https://core.palmknihy.cz/api/books/427063/preview.pdf |l |q 49 |r 1 |s https://www.palmknihy.cz/kniha/427063 |t ebook |y 2026 |z 1 |v Nekonečný pád |w 3 | ||
| 999 | |d 302978 | ||